skbl

Dr Suryya Kumar Bhuyan Library Web-OPAC
ডঃ সূৰ্য্য
কুমাৰ ভূঞা পুথিভঁৰাল ৱেব-অ'পেক

All Research Scholars are advised to clear the annual library fees to continue using Library Resources, Remote Access, Plagiarism Test and Library Clearance.

Cotton University Book Fair 2026

Theory of International Politics / (Record no. 7621)

MARC details
000 -LEADER
fixed length control field 00868nam a2200325Ia 4500
001 - CONTROL NUMBER
control field 7634
005 - DATE AND TIME OF LATEST TRANSACTION
control field 20240113234026.0
007 - PHYSICAL DESCRIPTION FIXED FIELD--GENERAL INFORMATION
fixed length control field ta
008 - FIXED-LENGTH DATA ELEMENTS--GENERAL INFORMATION
fixed length control field 050711s1982 g b000 u eng u
020 ## - INTERNATIONAL STANDARD BOOK NUMBER
Terms of availability HB
040 ## - CATALOGING SOURCE
Original cataloging agency Cotton College,Assam
041 ## - LANGUAGE CODE
Language code of text/sound track or separate title eng
082 ## - DEWEY DECIMAL CLASSIFICATION NUMBER
Classification number 327.101
Item number Sr 31 T
100 ## - MAIN ENTRY--PERSONAL NAME
Personal name Srivastava, L.S. .
245 #0 - TITLE STATEMENT
Title Theory of International Politics /
Statement of responsibility, etc. L.S. Srivastava, V.P. Joshi.
Medium Textual Documents
250 ## - EDITION STATEMENT
Edition statement 2nd ed. /
260 ## - PUBLICATION, DISTRIBUTION, ETC.
Place of publication, distribution, etc. Meerut :
Name of publisher, distributor, etc. Goel Publishing House ,
Date of publication, distribution, etc. 1982.
300 ## - PHYSICAL DESCRIPTION
Extent vi, 322p. ;
Dimensions 22cm.
653 ## - INDEX TERM--UNCONTROLLED
Uncontrolled term Political Science
653 ## - INDEX TERM--UNCONTROLLED
Uncontrolled term International policy
653 ## - INDEX TERM--UNCONTROLLED
Uncontrolled term PG-Political Science
653 ## - INDEX TERM--UNCONTROLLED
Uncontrolled term G-Political Science
653 ## - INDEX TERM--UNCONTROLLED
Uncontrolled term T/G-Political Science
700 ## - ADDED ENTRY--PERSONAL NAME
Personal name Joshi, V.P. .
942 ## - ADDED ENTRY ELEMENTS (KOHA)
Source of classification or shelving scheme Dewey Decimal Classification
Koha item type Books
Holdings
Withdrawn status Lost status Damaged status Not for loan Collection Home library Current library Date acquired Coded location qualifier Total checkouts Full call number Barcode Date last seen Copy number Price effective from Koha item type
          Dr. Suryya Kumar Bhuyan Library Dr. Suryya Kumar Bhuyan Library 01/02/2012 00000   327.101 Sr 31 T 80714 13/01/2024 3 01/02/2012 Books
          Dr. Suryya Kumar Bhuyan Library Dr. Suryya Kumar Bhuyan Library 01/02/2012 00000   327.101 Sr 31 T 79895 13/01/2024 2 01/02/2012 Books
          Dr. Suryya Kumar Bhuyan Library Dr. Suryya Kumar Bhuyan Library 01/02/2012 00000   327.101 Sr 31 T 80713 13/01/2024 1 01/02/2012 Books

Designed and Maintained by Team SKBL
©1901-2026

Powered by Koha